[Event "NRW Verbandsliga Group2 1314"]
[Site "Nordrheinwestfalen"]
[Date "2013.11.03"]
[Round "3.5"]
[White "Baerwolf, Steven"]
[Black "Jaust, Marc"]
[Result "1/2-1/2"]
[WhiteElo "2093"]
[BlackElo "1845"]
[PlyCount "108"]
[EventDate "2013.09.08"]
[EventType "team-tourn"]
[EventRounds "9"]
[EventCountry "GER"]
[SourceTitle "EXT 2020"]
[Source "ChessBase"]
[SourceDate "2019.10.17"]
[SourceVersion "1"]
[SourceVersionDate "2019.10.17"]
[SourceQuality "1"]
[WhiteTeam "Horst Emscher"]
[BlackTeam "Recklinghausen Laeufer Ost"]
[WhiteTeamCountry "GER"]
[BlackTeamCountry "GER"]

1. e4 c6 2. d4 d5 3. e5 Bf5 4. Nf3 e6 5. Be2 c5 6. Be3 Qb6 7. Nc3 Nc6 8. 0-0 c4 9. b3 Bb4 10. Na4 Qa5 11. c3 Be7 12. bxc4 dxc4 13. Nb2 Qxc3 14. Nxc4 Qc2 15. Qxc2 Bxc2 16. Rfc1 Be4 17. Nfd2 Bd5 18. Rab1 Rb8 19. Nb3 Be4 20. Rb2 Bd5 21. Nc5 Bxc5 22. dxc5 Bxc4 23. Bxc4 Nge7 24. f4 0-0 25. Rcb1 Rfd8 26. Rxb7 Rd1+ 27. Rxd1 Rxb7 28. a4 Kf8 29. Bb5 Rc7 30. Rd6 Nf5 31. Rxc6 Rxc6 32. Bxc6 Nxe3 33. h3 Ke7 34. Kf2 Nc2 35. Bb5 Kd8 36. Ke2 f6 37. Kd2 Nb4 38. g3 fxe5 39. fxe5 Kc7 40. Ke3 Nd5+ 41. Ke4 Ne7 42. h4 Nf5 43. g4 Ne7 44. h5 h6 45. a5 Nc6 46. a6 Nd8 47. Kd4 Nf7 48. Bc4 Ng5 49. Kc3 Kd7 50. Be2 Kc6 51. Kc4 Nf7 52. Bf3+ Kc7 53. Kd4 Ng5 54. Bd1 Kd7 1/2-1/2

[Event "Ruhrgebiet VL1 0910"]
[Site "Germany"]
[Date "2009.11.08"]
[Round "3.7"]
[White "Kuttnick, Helmut"]
[Black "Jaust, Marc"]
[Result "0-1"]
[WhiteElo "2129"]
[BlackElo "1818"]
[PlyCount "96"]
[EventDate "2009.09.06"]
[EventType "team-tourn"]
[EventRounds "9"]
[EventCountry "GER"]
[SourceTitle "EXT 2011"]
[Source "ChessBase"]
[SourceDate "2010.11.26"]
[SourceVersion "1"]
[SourceVersionDate "2010.11.26"]
[SourceQuality "1"]
[WhiteTeam "Dortmund"]
[BlackTeam "Laeufer Ost"]
[WhiteTeamCountry "GER"]
[BlackTeamCountry "GER"]

1. d4 c6 2. Nf3 d5 3. e3 Nf6 4. Nbd2 e6 5. Bd3 Bd7 6. 0-0 c5 7. b3 Nc6 8. a3 Qb6 9. c3 Rc8 10. Re1 Be7 11. h3 0-0 12. c4 cxd4 13. cxd5 dxe3 14. Rxe3 Nxd5 15. Re1 Bf6 16. Nc4 Qc7 17. Bb2 Nce7 18. Be5 Qd8 19. Qe2 Ng6 20. Rad1 Nxe5 21. Nfxe5 g6 22. Qf3 Bc6 23. Nxc6 bxc6 24. a4 Bg7 25. Qg3 Qc7 26. Qxc7 Rxc7 27. Be4 Rb8 28. Rc1 Rxb3 29. Na5 Rc3 30. Rb1 Bd4 31. Rec1 c5 32. Nc4 Rxc1+ 33. Rxc1 Nc3 34. Bf3 Nxa4 35. Rb1 Nc3 36. Rb8+ Kg7 37. Nd6 Kh6 38. h4 Rd7 39. Ne8 Be5 40. g4 g5 41. Rc8 Bd4 42. Bc6 Re7 43. h5 Nd1 44. Rd8 Bxf2+ 45. Kf1 Bd4 46. Ke2 Ne3 47. Rxd4 cxd4 48. Nf6 Kg7 0-1

[Event "Ruhrgebiet VL1 0405"]
[Site "Ruhrgebiet"]
[Date "2005.04.10"]
[Round "9.7"]
[White "Jaust, Marc"]
[Black "Nadrowski, Joseph"]
[Result "1/2-1/2"]
[WhiteElo "1819"]
[BlackElo "1706"]
[PlyCount "85"]
[EventDate "2004.09.12"]
[EventType "team"]
[EventRounds "9"]
[EventCountry "GER"]
[SourceTitle "EXT 2006"]
[Source "ChessBase"]
[SourceDate "2005.11.24"]
[SourceVersion "1"]
[SourceVersionDate "2005.11.24"]
[SourceQuality "1"]
[WhiteTeam "Laeufer Ost"]
[BlackTeam "Werne SK"]
[WhiteTeamCountry "GER"]
[BlackTeamCountry "GER"]

1. c4 e5 2. Nc3 d6 3. g3 Nc6 4. Bg2 Be6 5. d3 Qd7 6. Nf3 Be7 7. 0-0 h6 8. Qb3 Rb8 9. a3 b5 10. Qa2 bxc4 11. dxc4 Nf6 12. e4 0-0 13. Rd1 Bg4 14. Rd3 Bxf3 15. Bxf3 Nd4 16. Bg2 Nc2 17. Rb1 Ne1 18. Rd1 Nxg2 19. Kxg2 Qc6 20. Nd5 Bd8 21. Nxf6+ Bxf6 22. Rd5 Rb7 23. b4 Rfb8 24. Qc2 Be7 25. Be3 a6 26. Rbd1 Qd7 27. Rxe5 Qg4 28. Ra5 c5 29. h3 Qg6 30. Rxa6 cxb4 31. axb4 Rxb4 32. Bf4 Rc8 33. Rd4 Qe6 34. Qd3 Rcxc4 35. Rxc4 Qxc4 36. Qxc4 Rxc4 37. Kf3 Rd4 38. g4 Bg5 39. Bxg5 hxg5 40. Ra1 d5 41. exd5 Rxd5 42. Ra3 Rd4 43. Kg3 1/2-1/2

[Event "Ruhrgebiet VL1 0405"]
[Site "Ruhrgebiet"]
[Date "2005.01.30"]
[Round "6.7"]
[White "Grube, Joerg"]
[Black "Jaust, Marc"]
[Result "1-0"]
[WhiteElo "1816"]
[BlackElo "1819"]
[PlyCount "37"]
[EventDate "2004.09.12"]
[EventType "team"]
[EventRounds "9"]
[EventCountry "GER"]
[SourceTitle "EXT 2006"]
[Source "ChessBase"]
[SourceDate "2005.11.24"]
[SourceVersion "1"]
[SourceVersionDate "2005.11.24"]
[SourceQuality "1"]
[WhiteTeam "Dortmund Kleiner Koenig"]
[BlackTeam "Laeufer Ost"]
[WhiteTeamCountry "GER"]
[BlackTeamCountry "GER"]

1. e4 c6 2. d4 d5 3. e5 Bf5 4. Nc3 e6 5. Nge2 c5 6. Ng3 cxd4 7. Nb5 Bg6 8. h4 h6 9. Nxd4 a6 10. f4 Bc5 11. f5 exf5 12. Ngxf5 Bxd4 13. Nd6+ Kf8 14. Qxd4 Ne7 15. Qf4 Qd7 16. h5 Bf5 17. Bd3 Be6 18. 0-0 Nc8 19. Nxf7 1-0

[Event "Ruhrgebiet VL1 0405"]
[Site "Ruhrgebiet"]
[Date "2004.10.10"]
[Round "2.7"]
[White "Jaust, Marc"]
[Black "Hart, Theo"]
[Result "1/2-1/2"]
[WhiteElo "1819"]
[BlackElo "1895"]
[PlyCount "69"]
[EventDate "2004.09.12"]
[EventType "team"]
[EventRounds "9"]
[EventCountry "GER"]
[SourceTitle "EXT 2006"]
[Source "ChessBase"]
[SourceDate "2005.11.24"]
[SourceVersion "1"]
[SourceVersionDate "2005.11.24"]
[SourceQuality "1"]
[WhiteTeam "Laeufer Ost"]
[BlackTeam "Bochum SV 02"]
[WhiteTeamCountry "GER"]
[BlackTeamCountry "GER"]

1. c4 e5 2. Nc3 Nf6 3. d3 Nc6 4. g3 d5 5. cxd5 Nxd5 6. Bg2 Be6 7. Qa4 Bb4 8. Bd2 0-0 9. Nf3 Nb6 10. Qc2 Qd7 11. 0-0 Bh3 12. a3 Bxg2 13. Kxg2 Be7 14. Rac1 Rac8 15. Ne4 f6 16. Rfd1 Kh8 17. Nc5 Bxc5 18. Qxc5 Qe6 19. Bc3 Rfd8 20. Qe3 Nd5 21. Qe4 Nxc3 22. Rxc3 f5 23. Ng5 Qf6 24. Qh4 h6 25. Nf3 e4 26. Ne1 g5 27. Qh3 Ne5 28. d4 Nf7 29. e3 Rd5 30. Rdc1 c6 31. Kh1 Rcd8 32. Rc5 Kg7 33. Qf1 f4 34. gxf4 gxf4 35. Qg2+ 1/2-1/2